000 00986nam a2200265 a 4500
001 000006902
003 DO-SdBNP
005 20260219124308.0
008 090903s1999 dr 001 0 spa d
040 _aDO-SdBNP
_bspa
_cBNPHU
082 _a346.7293052
_bP438s, 1999
100 1 _aPèrez Mèndez, Artagnan,
_d1929-2017
_977104
245 1 0 _aSucesiones y liberalidades /
_cArtagnan Pérez Méndez.
250 _a4a. ed., corr. y actu.
260 _aSanto Domingo :
_bAmigo del Hogar,
_c1999.
300 _a281 p. ;
_c24 cm.
500 _aIncluye índice alfabético
500 _aIncluye referencias bibliográficas y notas al pie de las páginas
500 _aCuarta edición corregida y actualizada, con las reformas introducidas por la ley 14-94 (código del menor)
504 _aBibliografía : p. 249-250
590 _aInventariado, 2018/LP
650 0 _aDerecho sucesorio
_zRepública Dominicana
_93573
910 _aValidado. Control de calidad MFF
942 _2ddc
_cLBS1
999 _c6687
_d6687